Psicodiagnóstico : habilidades imprescindibles en el siglo XXI : (Registro nro. 21665)

Detalles MARC
000 -Cabecera
Campo de control interno 01132nam a2200241Ia 4500
005 - Fecha y hora del registro
control field 20260417120558.0
008 - Elementos de Longitud Fija
fixed length control field 260320s9999||||xx |||||||||||||| ||und||
020 ## - ISBN
ISBN 9786203876628
041 ## - Idioma
Codigo Idioma ESP
082 ## - DEWEY y NOTACIÓN INTERNA
Dewey 155.28
Notación Interna C12
100 ## - AUTOR
Autor denominación Cabrera Macías, Yolanda,
Término de relación autor
245 #0 - TÍTULO DE MATERIAL BIBLIOGRÁFICO
Título Psicodiagnóstico : habilidades imprescindibles en el siglo XXI :
Título paralelo enseñanza del psicodiagnóstico: habilidades que la definen
260 ## - CIUDAD, EDITORIAL, AÑO
Ciudad [Lugar de publicación no identificado] :
Nombre de la Editorial Editorial Académica Española,
Año 2021
300 ## - DESCRIPCIÓN
N° Páginas 75 páginas :
Otros detalles tablas ;
Dimensiones 22 cm.
650 ## - TEMAS
Temas Psicología
653 ## - DESCRIPTORES
Lenguajes no controlado Psicodiagnóstico
654 ## - PROGRAMAS
Programa Dpto. de Psicología
700 ## - OTROS AUTORES
Otros autores López González, Ernesto José,
Títulos y otras palabras asociadas con el nombre autor
856 ## - URL - UBICACIÓN
URI/URL: Enlace exacto del recurso <a href="https://0u20ywvoo-y-https-www-bibliotechnia-com-mx.itmsp.museknowledge.com/otros/visor/?bock=35043">https://0u20ywvoo-y-https-www-bibliotechnia-com-mx.itmsp.museknowledge.com/otros/visor/?bock=35043</a>
Nota pública: Versión digital <a href="Véase además: Psicodiagnóstico de Rorschach : apuntes para el análisis y elaboración del informe, por Ana Rita Oliva Cúneo, Versión digital">Véase además: Psicodiagnóstico de Rorschach : apuntes para el análisis y elaboración del informe, por Ana Rita Oliva Cúneo, Versión digital</a>
856 ## - URL - UBICACIÓN
URI/URL: Enlace exacto del recurso <a href="https://0u20ywvou-y-https-www-bibliotechnia-com-mx.itmsp.museknowledge.com/">https://0u20ywvou-y-https-www-bibliotechnia-com-mx.itmsp.museknowledge.com/</a>
Nota pública: Versión digital <a href="Véase además: Base de datos BiblioTechnia">Véase además: Base de datos BiblioTechnia</a>
942 ## - ELEMENTOS DE KOHA
Tipo de documento Libro
Nombre del creador Justo Noguera
Código de catalogador Margarita Torres
Esquema de clasificación Dewey Decimal Classification
Existencias
Codigo completo Registro Colección Copia número Disponibilidad Tipo de préstamo Biblioteca Actual Procedencia (Biblioteca) Ubicacón Fecha Ingreso Tipo de Adquisición Date last seen Total checkouts Price effective from Tipo de Item Estado del Material Fuente de Clasificación Damaged status Withdrawn status
155.28 C12 1085211 Universidad Católica San Pablo 1 Disponible Disponible Víctor Andrés Belaunde Víctor Andrés Belaunde Planta baja abierta 30/03/2026 Compra 30/03/2026   30/03/2026 Libro Bueno Dewey Decimal Classification    
155.28 C12 1085212 Universidad Católica San Pablo 2 Disponible Disponible Víctor Andrés Belaunde Víctor Andrés Belaunde Planta baja abierta 30/03/2026 Compra 30/03/2026   30/03/2026 Libro Bueno Dewey Decimal Classification